1149 1421 1390 1479 1675 1542 1344 1379 1989 1899 1270 1759 1160 1539 1311 1688 1419 1164 1381 1472 1118 1391 1157 1034 1974 1837 1200 1083 1119 1576 1037 1892 1372 1266 1700 1809 1753 1281 1969 1057 1249 1186 1489 1811 1892 1039 1650 1385 1988 1775 1390 1506 1783 1053 1104 1695 1003 1804 1150 1101 1000 1972 1071 1672 1008 1747 1030 1540 1040 1565 1704 1498 1140 1201 1916 1333 1443 1566 1661 1574 1684 1066 1573 1528 1200 1758 1352 1612 1557 1783 1115 1388 1420 1074 1191 1750 1969 1590 1422 BCNSPRNW ULIB Ver.6.0+V

เปลี่ยนเป็นภาษาไทย

Change to English
 แสดงรายละเอียดบรรณานุกรม
  กลับหน้าหลัก

Brief Record : Get Marc (ISO 2709) : E-mail record : QR code < ปิดหน้าต่าง
LEADER : 00000nam 2200000uu 4500
001    13399121611
003     ULIB
008    121127s2550||||th 000 0 tha d
099    วจ.WY85^bส765
100 0  สุดกัญญา ปานเจริญ
245 00 ความสัมพันธ์ระหว่างการจัดการเรียนการสอนกับพฤติกรรมทางจริยธรรมของนักศึกษาพยาบาลวิทยาลัยพยาบาลบรมราชชนนีสวรรค์ประชารักษ์ นครสวรรค์/^cสุดกัญญา ปานเจริญ, รพีพรรณ วิบูลวัฒนกิจ และ จิราจันทร์ คณฑา
260    นครสวรรค์:^bวิทยาลัยพยาบาลบรมราชชนนีสวรรค์ประชารักษ์,^c2550
300    84 หน้า
650  7 การจัดการเรียนการสอน^xวิจัย
650  7 นักศึกษาพยาบาล^xวิจัย
650  0 จริยธรรม^xวิจัย
700 0  รพีพรรณ วิบูลวัฒนกิจ
700 0  จิราจันทร์ คณฑา
710 2  วิทยาลัยพยาบาลบรมราชชนนีสวรรค์ประชารักษ์ นครสวรรค์
945    ^p0^l0^i033140
995    ทศพร
999 ^a ใช้งานได้ทุกระบบ
รายการนี้ยังไม่มีแท็ก
คุณยังไม่ได้ล็อกอิน คุณสามารถมีกิจกรรมร่วมกับเว็บไซต์ได้ แต่ต้องล็อกอินก่อน ::
  ล็อกอิน

รายการสื่อสารสนเทศ

ลำดับที่ ประเภท เลขเรียก/บาร์โค้ด สถานที่ สถานะ
1. งานวิจัย
งานวิจัย
วจ.WY85 ส765 ฉ.1 
  Barcode: 033140
ห้องสมุดวิทยาเขตสวรรค์ประชารักษ์
►วิจัย
บนชั้น

รายการใกล้เคียง
    ผู้แต่ง [สุดกัญญา ปานเจริญ]

BibComment


ยังไม่เคยถูกคอมเมนท์

คอมเมนท์ทรัพยากรรายการนี้
  คอมเมนท์: ความสัมพันธ์ระหว่..


 Copyright 2026. Bcnsprnw @Library